Euros 2024 Italy Squad - Statistics

General Stats
  • This quiz has been taken 228 times
  • The average score is 16 of 30
Answer Stats
Pos Club Answer % Correct
GK PSG Gianluigi Donnarumma
99%
GK Spurs Guglielmo Vicario
85%
MF Arsenal Jorginho
84%
MF Inter Nicolo Barella
82%
DF Inter Alessandro Bastoni
81%
FW Juventus Federico Chiesa
78%
DF Inter Federico Dimarco
77%
DF Napoli Giovanni Di Lorenzo
73%
GK Napoli Alex Meret
69%
MF Roma Lorenzo Pellegrini
62%
DF Inter Matteo Darmian
58%
DF Inter Francesco Acerbi
57%
FW Atalanta Gianluca Scamacca
56%
DF Bologna Riccardo Calafiori
54%
DF Roma Gianluca Mancini
53%
GK Lazio Ivan Provedel
50%
FW Genoa Mateo Retegui
45%
MF Roma Bryan Cristante
44%
FW Napoli Giacomo Raspadori
42%
FW Lazio Mattia Zaccagni
40%
FW Roma Stephan El Shaarawy
40%
MF Inter Davide Frattesi
38%
DF Torino Alessandro Buongiorno
37%
DF Atalanta Giorgio Scalvini
37%
MF Juventus Nicolo Fagioli
37%
DF Juvenus Andrea Cambiaso
33%
FW Bologna Riccardo Orsolini
30%
DF Torino Raoul Bellanova
24%
MF Hellas Verona Michael Folorunsho
23%
MF Torino Samuele Ricci
20%
No matching quizzes found
Score Distribution
Percent of People with Each Score
Percentile by Number Answered
Your Score History
You have not taken this quiz